Aneka contoh kertas kerja perniagaan / (Record no. 3524)

000 -LEADER
fixed length control field nam a22 a 4500
003 - CONTROL NUMBER IDENTIFIER
control field AKMAL
005 - DATE AND TIME OF LATEST TRANSACTION
control field 20170523103656.0
008 - FIXED-LENGTH DATA ELEMENTS--GENERAL INFORMATION
fixed length control field 170523s2000 my a e | 000 0 may d
020 ## - INTERNATIONAL STANDARD BOOK NUMBER
International Standard Book Number 9789834342548 (kkt.) :
Terms of availability RM25.00
040 ## - CATALOGING SOURCE
Original cataloging agency AKMAL
Transcribing agency AKMAL
049 ## - LOCAL HOLDINGS (OCLC)
Holding library klpmal
082 04 - DEWEY DECIMAL CLASSIFICATION NUMBER
Classification number 658.453 SHA
Edition number 22
090 00 - LOCALLY ASSIGNED LC-TYPE CALL NUMBER (OCLC); LOCAL CALL NUMBER (RLIN)
Classification number (OCLC) (R) ; Classification number, CALL (RLIN) (NR) 658.453
Local cutter number (OCLC) ; Book number/undivided call number, CALL (RLIN) SHA
100 0# - MAIN ENTRY--PERSONAL NAME
Personal name Shahrul N. R.,
Dates associated with a name 1980-
9 (RLIN) 7038
245 10 - TITLE STATEMENT
Title Aneka contoh kertas kerja perniagaan /
Statement of responsibility, etc. Shahrul N.R.
260 ## - PUBLICATION, DISTRIBUTION, ETC.
Place of publication, distribution, etc. Kajang, Selangor :
Name of publisher, distributor, etc. Penerbit Al Falah,
Date of publication, distribution, etc. [200?]
300 ## - PHYSICAL DESCRIPTION
Extent iv, 232ms. :
Other physical details il. ;
Dimensions 19cm.
440 #0 - SERIES STATEMENT/ADDED ENTRY--TITLE
Title Siri karier dan peningkatan diri
9 (RLIN) 7039
650 10 - SUBJECT ADDED ENTRY--TOPICAL TERM
Topical term or geographic name entry element Business planning
9 (RLIN) 6297
650 20 - SUBJECT ADDED ENTRY--TOPICAL TERM
Topical term or geographic name entry element Business writing
9 (RLIN) 4886
942 ## - ADDED ENTRY ELEMENTS (KOHA)
Source of classification or shelving scheme
Koha item type Book
Holdings
Withdrawn status Lost status Source of classification or shelving scheme Damaged status Not for loan Collection code Home library Current library Shelving location Date acquired Inventory number Total Checkouts Full call number Barcode Date last seen Price effective from Koha item type
          NON-FICTION AKMAL Melaka AKMAL Melaka PINJAMAN 23.05.2017 602714   658.453 SHA 201704581 23.05.2017 23.05.2017 Book
Pusat Sumber Maklumat Dato' Haji Sarmin Md Hussin, Akademi Kastam Diraja Malaysia, Melaka
Tel: 06-2331106 | Faks: 06-2313787